Представление документа в формате RUSMARC

ПолеНазваниеЗначение
  Тип записи a
  Библиографический уровень m
001 Контрольный номер RU/SLIB/B/208723604
005 Дата корректировки 20201206203955.5
010 Индекс ISBN __
d Цена 1-05
101 Язык документа __
a Язык текста rus
200 Заглавие и сведения об ответственности 1_
a Заглавие Хатынь
e Сведения, относящиеся к заглавию [фотоальбом]
b Общее обозначение материала Текст
210 Выходные данные __
a Место издания Минск
c Издательство Беларусь
d Дата издания 1977
215 Физическое описание __
a Объем 76 с.
c Иллюстрации/тип воспроизводства ил.
300 Общие примечания __
a Общие примечания На белорус., рус., англ., фр., нем., испан. яз.
606 Тематические рубрики __
a Основная рубрика История
z Хронологическая подрубрика 1943 г.; 20 в.
y Географическая подрубрика Хатынь; Белоруссия; СССР
606 Тематические рубрики __
a Основная рубрика История России и СССР (октябрь 1917 - 1991 г.)
606 Тематические рубрики __
a Основная рубрика Европа с 1918 г. -
610 Ключевые слова __
a Ключевые слова Великая отечественная война; концлагеря; войны; концентрационные лагеря
686 Индексы других классификаций __
a Классификационный индекс 63.3(4Беи)62я61
686 Индексы других классификаций __
a Классификационный индекс 63.3(2)622я61; ст63.3(4Беи)62я61 + ст63.3(2)622я61
801 Источник записи _0
a Страна RU
b Организация Муниципальное бюджетное учреждение культуры "Централизованная библиотечная система" г. Сургут (Центральная городская библиотека им. А. С. Пушкина)
g Правила каталогизации К/Исакова
801 Источник записи _1
a Страна RU
b Организация Муниципальное бюджетное учреждение культуры "Централизованная библиотечная система" г. Сургут (Центральная городская библиотека им. А. С. Пушкина)
g Правила каталогизации К/Исакова
852 Данные о местонахождении __
j Шифр хранения 63.3(4Беи)62я61
c Каталожный индекс 63.3(2)622я6; 63.3(4Беи)я6
i Авторский знак Х 25
p Инвентарный номер 119630(с)
901 Тип документа __
t Тип документа m
969 Тип издания __
a Тип издания альбом
990 Данные о заказе (DOS) __
j Количество экземпляров (DOS) 2
t N записи в КСУ для И/У (DOS) 199101